000 02550nam0a2200373 4500
001 RU\NLR\bibl\1154273
005 20260408075504.0
010 _a978-5-903058-92-1
_95000
021 _aRU
_b2007-67336
_93610
035 _a(NLR Aleph) 001141055
090 _a1417969
_c1417969
100 _a20071115d2008 |||y0rusy50 ca
101 0 _arus
102 _aRU
105 _ay |||||||||
200 1 _aСебестоимость продукции, работ и услуг: бухгалтерская и налоговая
_eкак совместить бухгалтерский учет с налоговым, все отраслевые особенности, комментарии к составу затрат
_eпрактические примеры, арбитражная практика, оформление документов
_eпрактические рекомендации
_fАссоц. бухгалтеров, аудиторов и консультантов
_gпод общ. ред. Г.Ю. Касьяновой
205 _a[Ориг. изд.]
210 _aМосква
_cАргумент
_cАссоциация бухгалтеров, аудиторов и консультантов (АБАК)
_d2008 [т.е. 2007]
215 _a298, [6] с.
_d21
_e1 электрон. опт. диск (CD-ROM)
225 1 _aПрактические рекомендации для бухгалтера и руководителя
_fпод ред. Г.Ю. Касьяновой
225 1 _aНастольная книга
300 _aКн. фактически издана в 2007 г.
316 _aCD-ROM отсутствует
_5NLR
606 1 _aСебестоимость продукции
_jПрактические пособия
_xБухгалтерский учет
_yРоссийская Федерация
_92155332
_3RU\NLR\auth\661297591
606 1 _aСебестоимость продукции
_jПрактические пособия
_xНалоговый учет
_yРоссийская Федерация
_92325535
_3RU\NLR\auth\661391018
686 _aУ052.9(2)2-148.6я7
686 _aУ052.9(2)226.141.3-148.6я7
702 1 _4340
_7ca
_8rus
_aКасьянова
_bГ. Ю.
_gГалина Юрьевна
_91040
_3RU\NLR\auth\7717956
712 0 2 _4570
_aАссоциация бухгалтеров, аудиторов и консультантов
_cМосква
_9649310
_3RU\NLR\AUTH\8810073648
801 0 _aRU
_bNLR
_c20071115
_gRCR
801 1 _aRU
_bNLR
_c20071115
942 _cBOOK
980 _aNB